000 00596cam a2200181 4500
001 D8166
008 090401t1974 xxu||||| |||| 00| 0 eng d
035 _a(Sirsi) u11485
041 _aeng
050 _a338.456909411
100 _aBuchanan, I.L.
245 _aRegional construction forecasts to 1977. Volume 4: Scotland for the Joint Regional Forecasting Group for Scotland North, North West and Yorkshire and Humberside
260 _aLondon
_bNational Economic Development Office for
_c1974
300 _avii. 132p. illus. maps. 30cm
350 _a1.5
942 _n0
948 _c04/03/1997
999 _c86871
_d86871